Utopía y movimiento popular. Parte 1: proyectos históricos y utopía /
Guardado en:
| Hovedforfatter: | |
|---|---|
| Institution som forfatter: | |
| Format: | Procedimiento de la Conferencia |
| Tags: |
Tilføj Tag
Ingen Tags, Vær først til at tagge denne postø!
|
MARC
| LEADER | 00000 a a2200000 04500 | ||
|---|---|---|---|
| 001 | 45041 | ||
| 003 | |||
| 040 | |||
| 100 | |a Wanderley, Luis Eduardo | ||
| 111 | |a Encuentro de científicos sociales y teólogos sobre el tema "El discernimiento de las utopías", 2 | ||
| 245 | |a Utopía y movimiento popular. Parte 1: |b proyectos históricos y utopía / |c Luis Eduardo Wanderley | ||
| 773 | |g páginas 95-123 | ||
| 999 | |c 30128 |d 30128 | ||
